Responses for Show #3850 - Friday, May 4, 2001

2001 Teen Tournament quarterfinal game 5.
From the Pennsylvania Convention Center in Philadelphia.

Contestants

[<< previous game]

Amanda Trujillo, a junior from Carson, California

Andy Siegler, a senior from Cinnaminson, New Jersey

Graham Gilmer, a senior from Lynchburg, Virginia

[next game >>]

Jeopardy! Round responses

QUAKES
WB TV
TOYS "R" THESE
DATING 101
SLOW DOWN!
BOOK 'EM
    $100 1
Seattle

Amanda
    $100 12
Buffy the Vampire Slayer

Amanda
    $100 15
Rugrats

Amanda
    $100 22
blind date

Graham
    $100 7
yellow

Andy
    $100 2
Harry Potter

Graham
    $200 27
Mexico

Graham
    $200 13
Popular

Andy
    $200 16
Rubik's Cube

Graham
    $200 23
double-date

Andy
    $200 8
molasses

Amanda
    $200 3
Chyna

Andy
    $1,000 28
India

Graham
    $300 14
Gilmore Girls

Amanda
    $300 17
Risk

Graham
    $300 24
the prom

Graham
    $300 9
snail

Graham
    $300 4
John Grisham

Amanda
    $400 29
Alaska

Graham
    $400 20
Eden's Crush

Triple Stumper
    $400 18
Raggedy Ann

Amanda
    $400 25
waiter/waitress

Graham
    $400 10
putter

Andy
    $400 5
L. Frank Baum

Andy
    $500 30
(Andy: What is Nicaragua?)

El Salvador

Andy
Triple Stumper
    $500 21
Roswell

Andy
    $500 19
Revell

Triple Stumper
    $500 26
"The Rules"

Triple Stumper
    $500 11
fritter

Amanda
    $500 6
George Foreman

Amanda

Scores at the first commercial break (after clue 15):

Graham Andy Amanda
$400 $1,300 $2,100

Scores at the end of the Jeopardy! Round:

Graham Andy Amanda
$3,300 $1,500 $2,500

Double Jeopardy! Round responses

QUAKERS
SONGS FROM DISNEY FILMS
U.S. RIVERS
PARENTAL GUIDANCE SUGGESTED
ANATOMY CLASS
PERSON, PLACE OR THING
    $200 1
William Penn

Andy
    $200 3
Mary Poppins

Graham
    $200 11
Golden Gate

Andy
    $200 23
volcano

Andy
    $200 16
ears

Graham
    $200 21
Orlando

Triple Stumper
    $400 2
Thomas Paine

Amanda
    $400 7
Tarzan

Graham
    $400 12
the Colorado River

Graham
    $400 24
alligator

Graham
    $400 17
(Amanda: What are the eyes?)

the teeth (they don't line up properly)

Amanda
Triple Stumper
    $400 22
Jewel

Triple Stumper
    $600 4
Rhode Island

Graham
    $700 8
Pinocchio

Graham
    $600 13
the Missouri River

Graham
    $600 25
the Himalayas

Andy
    $600 18
vertebrae

Andy
    $600 30
Bush

Triple Stumper
    $800 5
freedom of speech

Graham
    $800 9
Hercules

Graham
    $1,500 14
the Ohio River

Graham
    $800 28
tattoo

Amanda
    $800 19
cornea

Graham
    $800 29
stump

Amanda
    $1000 6
Richard Nixon

Amanda
    $1000 10
Mulan

Triple Stumper
    $1000 15
the Snake River

Graham
    $1000 27
Jupiter

Andy
    $1000 20
neurons

Triple Stumper
    $1000 26
bay

Triple Stumper

Scores at the end of the Double Jeopardy! Round:

Graham Andy Amanda
$11,700 $4,300 $5,100
(lock game)

Final Jeopardy! Round responses

THE '90s
(Alex: Amanda, we cannot accept that because we needed the Mir name.)
[The four wildcard semifinalists are Jonathan Reinstein, Misti Coronel, Katherine Bushey and Andy Siegler.]
AndyWhat is the Mir space station
$4,300
AmandaWhat is the space station?
$3,500
GrahamWhat is Mir?
$83
Space Station Mir

Final scores:

Graham Andy Amanda
$11,783 $8,600 $1,600
Automatic semifinalist 2nd place: $2,500 if eliminated 3rd place: $2,500 if eliminated

Game dynamics:

Coryat scores:

Graham Andy Amanda
$10,200 $4,300 $5,100
23 R
(including 3 DDs),
0 W
13 R,
1 W
13 R,
1 W

Combined Coryat: $19,600

[game clues] [game scores] [suggest correction]

Game tape date: 2001-04-11
The J! Archive is created by fans, for fans. Scraping, republication, monetization, and malicious use prohibited; this site may use cookies and collect identifying information. See terms. The Jeopardy! game show and all elements thereof, including but not limited to copyright and trademark thereto, are the property of Jeopardy Productions, Inc. and are protected under law. This website is not affiliated with, sponsored by, or operated by Jeopardy Productions, Inc. Join the discussion at JBoard.tv.